| 000 | 00937 a2200217 4500 | ||
|---|---|---|---|
| 001 | 4210 | ||
| 005 | 20260407155432.0 | ||
| 008 | 260407a2010 arg spa d | ||
| 003 | AR-UNSa-BCEJYS | ||
| 040 |
_aAR-UNSa-BCEJYS _bspa _cAR-UNSa-BCEJYS |
||
| 080 |
_a340.12 _xTendencias en la teoría del derecho. Escuelas, doctrinas jurídicas. Filosofía del derecho. Teorías sobre el Estado y el derecho |
||
| 245 | 1 | 0 | _aLa construcción de los derechos fundamentales |
| 020 | _a978-950-894-821-2 | ||
| 264 | 1 |
_aBuenos Aires : _bAD-HOC _c2010 |
|
| 300 |
_a93 p. _c23 cm. |
||
| 505 | _a1. La construcción de los derechos fundamentales - 2. Deber ideal - 3. Ley fundamental y teoría del discurso | ||
| 942 | _cBK | ||
| 590 | _aniveau_biblio:m niveau_hierar:0 | ||
| 100 | 1 | _aAlexy, Robert | |
| 856 | 4 | 1 |
_uhttps://biblioeco.unsa.edu.ar/pmb/images/libros/La Construccion de los Derechos Fundamentales2-l118367.jpg _yImagen de portada _qimage/jpeg |
| 999 |
_c403 _d403 |
||